Subdesarrollo y estancamiento en América Latina
Saved in:
| Hovedforfatter: | |
|---|---|
| Format: | Bog |
| Sprog: | spansk |
| Udgivet: |
Buenos Aires
EUDEBA
1966
|
| Serier: | Biblioteca de América. Libros del Tiempo Nuevo, 45
|
| Fag: | |
| Tags: |
Tilføj Tag
Ingen Tags, Vær først til at tagge denne postø!
|
MARC
| LEADER | 00000nam a2200000 a 4500 | ||
|---|---|---|---|
| 001 | UCT5964 | ||
| 003 | CL-VaPUC | ||
| 008 | 961223e19660000AG |||||||||||||||||spa|d | ||
| 082 | 0 | 4 | |a 339.46 |b FUR |2 21 |
| 100 | 0 | |a Furtado, Celso |e author |9 375617 | |
| 245 | 1 | 0 | |a Subdesarrollo y estancamiento en América Latina |
| 300 | |a 135 p | ||
| 942 | |c BK | ||
| 945 | |d 19961223 00:00:00 |a paguirre | ||
| 260 | |a Buenos Aires |b EUDEBA |c 1966 | ||
| 650 | 0 | |a Desarrollo económico y social |9 256320 | |
| 650 | 7 | |a SUBDESARROLLO |2 CL-VaPUC |9 337696 | |
| 650 | 7 | |a POLITICA DE DESARROLLO |2 CL-VaPUC |9 335853 | |
| 650 | 0 | |a Países en desarrollo |9 259663 | |
| 650 | 0 | |a Crecimiento económico |9 314037 | |
| 650 | 0 | |a Economía |9 255568 | |
| 651 | 0 | |a Brasil |9 267393 | |
| 651 | 0 | |a América Latina |9 255027 | |
| 583 | |a last modification |c 19961223 00:00:00 |k Rodrigo Vera | ||
| 490 | 0 | |a Biblioteca de América. Libros del Tiempo Nuevo, 45 | |
| 999 | |c 254731 |d 254729 | ||
| 952 | |0 0 |1 0 |4 0 |6 339_460000000000000_FUR_1966 |7 0 |8 P |9 276590 |a BIBDER |b BIBDER |d 2019-11-19 |i 1799487 |o 339.46 FUR 1966 |p 1799487 |r 2023-01-25 |w 2019-11-19 |y BK |k DER | ||
| 952 | |0 0 |1 0 |4 0 |6 339_460000000000000_FUR_1966 |7 0 |8 A |9 276591 |a BIBHIS |b BIBHIS |d 2019-11-19 |i 1349457 |o 339.46 FUR 1966 |p 1349457 |r 2025-01-20 |w 2019-11-19 |y BK |k HIS | ||
| 952 | |0 0 |1 0 |4 0 |6 339_460000000000000_FUR_1966 |7 0 |8 A |9 276592 |a BIBHIS |b BIBHIS |d 2019-11-19 |i 1349465 |o 339.46 FUR 1966 |p 1349465 |r 2025-01-20 |w 2019-11-19 |y BK |k HIS | ||